Khoa học & Công nghệ

Ngưng xuất bản từ 1/2016

محفوظ في:
التفاصيل البيبلوغرافية
مؤلفون آخرون: Thông tấn xã Việt Nam
التنسيق: كتاب
اللغة:Undetermined
منشور في: Hà Nội
الموضوعات:
الوصول للمادة أونلاين:http://lrc.tdmu.edu.vn/opac/search/detail.asp?aID=2&ID=6875
الوسوم: إضافة وسم
لا توجد وسوم, كن أول من يضع وسما على هذه التسجيلة!
Thư viện lưu trữ: Trung tâm Học liệu Trường Đại học Thủ Dầu Một
LEADER 00598nam a2200169Ia 4500
001 TDMU_6875
008 210410s9999 xx 000 0 und d
082 |a NULL 
245 0 |a Khoa học & Công nghệ 
245 0 |c Thông tấn xã Việt Nam 
260 |a Hà Nội 
300 |a 24tr 
520 |a Ngưng xuất bản từ 1/2016 
650 |a Tuần báo Khoa học & Công nghệ  
700 |a Thông tấn xã Việt Nam 
856 |u http://lrc.tdmu.edu.vn/opac/search/detail.asp?aID=2&ID=6875 
980 |a Trung tâm Học liệu Trường Đại học Thủ Dầu Một